[Event "THA-ch"]
[Site "Bangkok"]
[Date "2021.11.08"]
[Round "8"]
[White "Sandhiratne, Akkarawut"]
[Black "Chongstitwattana, Cholapat"]
[Result "1/2-1/2"]
[WhiteElo "1773"]
[BlackElo "1450"]
[PlyCount "50"]
[EventDate "2021.11.05"]
[EventType "swiss"]
[EventRounds "9"]
[EventCountry "THA"]
[SourceTitle "CBM 205 Extra"]
[Source "ChessBase"]
[SourceDate "2022.01.31"]
[SourceVersion "1"]
[SourceVersionDate "2022.01.31"]
[SourceQuality "1"]

1. Nf3 e6 2. g3 f5 3. d4 Nf6 4. Bg2 Be7 5. 0-0 0-0 6. c4 Ne4 7. Nc3 Nxc3 8. bxc3 d6 9. Re1 Bf6 10. e4 e5 11. Ba3 fxe4 12. Rxe4 exd4 13. cxd4 Bf5 14. Re3 Nc6 15. Bb2 Qd7 16. Qd2 Bh3 17. Rae1 Bxg2 18. Kxg2 b6 19. Bc3 Kh8 20. Kg1 Kg8 21. Kg2 Kh8 22. Kg1 Kg8 23. Kg2 Kh8 24. Kg1 Kg8 25. Kg2 Kh8 1/2-1/2

[Event "THA-ch"]
[Site "Bangkok"]
[Date "2021.11.08"]
[Round "7"]
[White "Saokham, Siwabannakorn"]
[Black "Sandhiratne, Akkarawut"]
[Result "1/2-1/2"]
[WhiteElo "1357"]
[BlackElo "1773"]
[PlyCount "138"]
[EventDate "2021.11.05"]
[EventType "swiss"]
[EventRounds "9"]
[EventCountry "THA"]
[SourceTitle "CBM 205 Extra"]
[Source "ChessBase"]
[SourceDate "2022.01.31"]
[SourceVersion "1"]
[SourceVersionDate "2022.01.31"]
[SourceQuality "1"]

1. e4 d5 2. exd5 Qxd5 3. Nc3 Qd8 4. d4 Nf6 5. Nf3 e6 6. Bd3 Be7 7. 0-0 a6 8. Bg5 Nbd7 9. Re1 0-0 10. Ne5 Nxe5 11. dxe5 Nd7 12. Bxe7 Qxe7 13. Qh5 g6 14. Qh6 Re8 15. f4 b5 16. Ne4 Qf8 17. Qh3 Bb7 18. Ng5 h6 19. Bxg6 fxg6 20. Nxe6 Qf5 21. Qxf5 gxf5 22. Nxc7 Nc5 23. Nxa8 Bxa8 24. Rad1 Be4 25. Rd6 Re6 26. g4 Rxd6 27. exd6 a5 28. gxf5 Kf7 29. c3 a4 30. b4 axb3 31. axb3 Bc2 32. b4 Ne4 33. Rc1 Bb3 34. d7 Ke7 35. Re1 Bd5 36. Rd1 Nf6 37. Ra1 Kxd7 38. Ra7+ Ke8 39. Kf2 Be4 40. Ra5 Bd3 41. Ke3 Bc4 42. Kd4 Ke7 43. Ra7+ Kf8 44. h3 Ke8 45. Ke5 Nd7+ 46. Kd6 Nf6 47. Ke5 Nd7+ 48. Kd4 Nf6 49. Rc7 h5 50. Rxc4 bxc4 51. Kxc4 Kd7 52. Kd4 h4 53. c4 Ng4 54. b5 Nf2 55. Ke3 Nxh3 56. Kf3 Ng1+ 57. Kg2 Ne2 58. Kh3 Nd4 59. Kxh4 Nxf5+ 60. Kg5 Nd6 61. f5 Nxc4 62. Kg6 Ne5+ 63. Kf6 Ng4+ 64. Kg5 Ne5 65. f6 Kc7 66. Kf5 Nf7 67. Ke6 Nh6 68. Kd5 Kb6 69. Kc4 Nf7 1/2-1/2

[Event "THA-ch"]
[Site "Bangkok"]
[Date "2019.05.05"]
[Round "9"]
[White "Sandhiratne, Akkarawut"]
[Black "Chaiongkarn, Bunyapon"]
[Result "1-0"]
[WhiteElo "1821"]
[BlackElo "1584"]
[PlyCount "101"]
[EventDate "2019.05.01"]
[EventType "swiss"]
[EventRounds "9"]
[EventCountry "THA"]
[SourceTitle "CBM 190 Extra"]
[Source "ChessBase"]
[SourceDate "2019.07.15"]
[SourceVersion "1"]
[SourceVersionDate "2019.07.15"]
[SourceQuality "1"]

1. d4 Nf6 2. c4 e6 3. g3 d5 4. Bg2 c6 5. Nf3 Bd6 6. 0-0 Nbd7 7. Qc2 0-0 8. Nbd2 Re8 9. e4 dxe4 10. Nxe4 Nxe4 11. Qxe4 Nf6 12. Qe2 Rb8 13. Rd1 Qc7 14. c5 Bf8 15. Bf4 e5 16. Bxe5 Qe7 17. Qc2 Ra8 18. Bd6 Qd8 19. Bxf8 Rxf8 20. Ne5 Be6 21. Nc4 Bd5 22. Nd6 b6 23. b4 Qd7 24. Re1 Rab8 25. a3 h6 26. Re2 Ne8 27. Bxd5 cxd5 28. Nxe8 Rfxe8 29. Rae1 Rxe2 30. Rxe2 Rc8 31. Qd3 a5 32. Qa6 axb4 33. axb4 bxc5 34. bxc5 Rb8 35. Kg2 Rb4 36. Qd3 Qa4 37. Rd2 Rc4 38. h4 Qb4 39. Re2 Qa4 40. Rd2 Qb4 41. Ra2 Qb7 42. Rc2 Qb4 43. Ra2 Qb7 44. Re2 Qb5 45. h5 Qa4 46. Rb2 Qa7 47. Rb6 Qa8 48. Qb1 Rxd4 49. Rb8+ Qxb8 50. Qxb8+ Kh7 51. c6 1-0

[Event "THA-ch"]
[Site "Bangkok"]
[Date "2019.05.03"]
[Round "5"]
[White "Sandhiratne, Akkarawut"]
[Black "Mekarapiruk, Chawit"]
[Result "1-0"]
[WhiteElo "1821"]
[BlackElo "1649"]
[PlyCount "73"]
[EventDate "2019.05.01"]
[EventType "swiss"]
[EventRounds "9"]
[EventCountry "THA"]
[SourceTitle "CBM 190 Extra"]
[Source "ChessBase"]
[SourceDate "2019.07.15"]
[SourceVersion "1"]
[SourceVersionDate "2019.07.15"]
[SourceQuality "1"]

1. d4 Nf6 2. c4 e6 3. Nf3 d5 4. Nc3 Be7 5. cxd5 exd5 6. Bg5 c6 7. Qc2 Nbd7 8. e3 0-0 9. Bd3 Re8 10. 0-0 h6 11. Bh4 Ne4 12. Bxe7 Qxe7 13. Rab1 a6 14. b4 b5 15. Nd2 Nxd2 16. Qxd2 Nb6 17. e4 Be6 18. e5 Nc4 19. Bxc4 dxc4 20. Ne4 Bf5 21. Rbe1 Bxe4 22. Rxe4 Qd8 23. Rg4 Kh8 24. f4 a5 25. f5 f6 26. exf6 Qxf6 27. Rg6 Qf7 28. Rxc6 axb4 29. f6 g5 30. h4 c3 31. Qd3 Rxa2 32. hxg5 Qd5 33. Qh3 Qxg5 34. f7 Rf8 35. Rxh6+ Kg7 36. Rh7+ Kg6 37. Qd3+ 1-0

[Event "Chiang Mai op"]
[Site "Chiangmai"]
[Date "2019.03.29"]
[Round "6"]
[White "Sandhiratne, Akkarawut"]
[Black "Nattavutthisit, Kavin"]
[Result "1/2-1/2"]
[WhiteElo "1865"]
[BlackElo "1776"]
[PlyCount "83"]
[EventDate "2019.03.27"]
[EventType "swiss"]
[EventRounds "9"]
[EventCountry "THA"]
[SourceTitle "CBM 190 Extra"]
[Source "ChessBase"]
[SourceDate "2019.07.15"]
[SourceVersion "1"]
[SourceVersionDate "2019.07.15"]
[SourceQuality "1"]

1. e4 e5 2. Nf3 Nc6 3. Bb5 Nf6 4. d3 d6 5. h3 Be7 6. 0-0 0-0 7. Bxc6 bxc6 8. Nbd2 Re8 9. Re1 Bf8 10. Nc4 g6 11. c3 Bg7 12. Bg5 h6 13. Bh4 g5 14. Bg3 Be6 15. Ne3 c5 16. Nd2 Qd7 17. Bh2 Nh7 18. g4 Nf8 19. Ndf1 Ng6 20. Nf5 Reb8 21. b3 a5 22. c4 a4 23. Qc2 Bxf5 24. gxf5 Ne7 25. Ng3 Nc6 26. Ne2 Bf6 27. f3 Bd8 28. Bg3 Ra7 29. Red1 Rba8 30. Qc3 f6 31. Be1 Qc8 32. Kf2 Rb8 33. Rab1 Rab7 34. Bd2 Nb4 35. bxa4 c6 36. a3 Na6 37. Qc2 Ra8 38. Rxb7 Qxb7 39. Rb1 Qa7 40. Qb3 Nb8 41. Qb7 Qxb7 42. Rxb7 1/2-1/2

[Event "THA Amatuer-ch"]
[Site "Thailand"]
[Date "2019.02.18"]
[Round "3"]
[White "Asavasaetakul, Chawit"]
[Black "Sandhiratne, Akkarawut"]
[Result "0-1"]
[WhiteElo "1729"]
[BlackElo "1863"]
[PlyCount "174"]
[EventDate "2019.02.16"]
[EventType "swiss"]
[EventRounds "7"]
[EventCountry "THA"]
[SourceTitle "CBM 189 Extra"]
[Source "ChessBase"]
[SourceDate "2019.06.03"]
[SourceVersion "1"]
[SourceVersionDate "2019.06.03"]
[SourceQuality "1"]

1. e4 d5 2. exd5 Qxd5 3. Nc3 Qd8 4. d4 Nf6 5. Nf3 Bg4 6. Be2 c6 7. Be3 e6 8. h3 Bxf3 9. Bxf3 Nbd7 10. 0-0 Be7 11. Re1 0-0 12. Qe2 Nd5 13. Nxd5 cxd5 14. c4 Nf6 15. a3 dxc4 16. Qxc4 Nd5 17. Rad1 Rc8 18. Qb3 Qd7 19. Rc1 Bf6 20. Be4 Rfd8 21. Qd3 g6 22. b4 Rxc1 23. Rxc1 Rc8 24. Rxc8+ Qxc8 25. Bxd5 exd5 26. Qb5 Qc6 27. Qxc6 bxc6 28. Kf1 Kf8 29. g4 Ke8 30. Ke2 Kd7 31. Kd3 Kc7 32. Kc3 Kb6 33. a4 a6 34. Kb3 Be7 35. Bf4 Bf6 36. Be3 Bg7 37. Kc3 Kc7 38. Kd3 Kd7 39. Bd2 Ke6 40. Bf4 h5 41. f3 Bf8 42. Kc3 Be7 43. Bd2 Kd7 44. Kd3 Bh4 45. Kc3 Bg3 46. Kd3 hxg4 47. hxg4 Ke6 48. Kc3 Bd6 49. f4 Kd7 50. Kd3 Ke6 51. Ke3 Kf6 52. Kf3 Kg7 53. Kg2 Be7 54. Kh3 Kh6 55. f5+ Kg7 56. fxg6 Kxg6 57. Kg3 Bd6+ 58. Kf3 f5 59. gxf5+ Kxf5 60. Bc3 Bf4 61. Be1 Bc1 62. Bc3 Kg5 63. Ke2 Kf4 64. Kd3 Be3 65. Be1 Kf3 66. Bh4 Bf4 67. Be7 Kf2 68. Bc5 Ke1 69. Be7 Kd1 70. Bc5 Kc1 71. Kc3 Bd2+ 72. Kb3 Be1 73. b5 cxb5 74. axb5 axb5 75. Bb6 Kd1 76. Bc5 Ba5 77. Bb4 Bxb4 78. Kxb4 Kc2 79. Kc5 Kc3 80. Kxd5 b4 81. Ke5 b3 82. d5 b2 83. d6 b1Q 84. d7 Qb8+ 85. Ke6 Qd8 86. Kd6 Kd4 87. Ke6 Kc5 0-1

[Event "THA Amatuer-ch"]
[Site "Thailand"]
[Date "2019.02.18"]
[Round "4"]
[White "Wiwatanadate, Poompong"]
[Black "Sandhiratne, Akkarawut"]
[Result "1-0"]
[WhiteElo "2005"]
[BlackElo "1863"]
[PlyCount "99"]
[EventDate "2019.02.16"]
[EventType "swiss"]
[EventRounds "7"]
[EventCountry "THA"]
[SourceTitle "CBM 189 Extra"]
[Source "ChessBase"]
[SourceDate "2019.06.03"]
[SourceVersion "1"]
[SourceVersionDate "2019.06.03"]
[SourceQuality "1"]

1. Nf3 Nf6 2. g3 b6 3. Bg2 Bb7 4. 0-0 g6 5. b3 Bg7 6. Bb2 0-0 7. c4 c5 8. Nc3 d6 9. d4 cxd4 10. Nxd4 Bxg2 11. Kxg2 d5 12. e3 dxc4 13. Qf3 Na6 14. Nc6 Qc7 15. Nb5 Qb7 16. Rfc1 Nc5 17. Rxc4 Nfe4 18. Bxg7 Kxg7 19. Ncxa7 Rxa7 20. Nxa7 Qxa7 21. Rxe4 Nxe4 22. Qxe4 Qc7 23. Rd1 f5 24. Qd5 e5 25. a4 Rf7 26. b4 f4 27. exf4 exf4 28. Rd3 fxg3 29. hxg3 Qc2 30. Rf3 Rxf3 31. Qxf3 Qc7 32. Qd5 h5 33. a5 bxa5 34. bxa5 Qa7 35. Qb5 Qa8+ 36. Kh2 Qf3 37. Qb2+ Kh7 38. a6 Qf8 39. Qd4 Qc8 40. Qa7+ Kh6 41. Qb7 Qc5 42. Kg2 h4 43. gxh4 Qc4 44. Kg3 Qd3+ 45. Kf4 Qd4+ 46. Kg3 Qd6+ 47. Kg2 Qd4 48. Qf3 Qd7 49. Kg3 Qe7 50. Qe3+ 1-0

[Event "THA Amatuer-ch"]
[Site "Thailand"]
[Date "2019.02.16"]
[Round "1"]
[White "Tangsunawan, Tada"]
[Black "Sandhiratne, Akkarawut"]
[Result "0-1"]
[WhiteElo "1236"]
[BlackElo "1863"]
[PlyCount "76"]
[EventDate "2019.02.16"]
[EventType "swiss"]
[EventRounds "7"]
[EventCountry "THA"]
[SourceTitle "CBM 189 Extra"]
[Source "ChessBase"]
[SourceDate "2019.06.03"]
[SourceVersion "1"]
[SourceVersionDate "2019.06.03"]
[SourceQuality "1"]

1. e4 c5 2. Nf3 d6 3. d4 cxd4 4. Nxd4 Nf6 5. Nc3 a6 6. a4 e5 7. Nf3 h6 8. Bc4 Be7 9. 0-0 0-0 10. Re1 Nc6 11. h3 Be6 12. Bb3 Bxb3 13. cxb3 Re8 14. Be3 Bf8 15. Qe2 d5 16. exd5 Nxd5 17. Rad1 Nxc3 18. bxc3 Qc7 19. Qc4 Rac8 20. Qg4 Kh8 21. Bc1 Rcd8 22. Rxd8 Rxd8 23. Bb2 f6 24. Nh4 Ne7 25. c4 Rd2 26. Rb1 Qd7 27. Qf3 Rd3 28. Qe2 Rxb3 29. Qc2 Rd3 30. Ra1 g5 31. Nf3 Nc6 32. Bc3 Bb4 33. Bxb4 Nxb4 34. Qb2 a5 35. Qe2 Kg7 36. Ne1 Rd2 37. Qe3 Qd4 38. Qb3 Qxa1 0-1

[Event "Bangkok Cha Am op 18th"]
[Site "Bangkog"]
[Date "2018.04.18"]
[Round "6"]
[White "Laine, Panu"]
[Black "Sandhiratne, Akkarawut"]
[Result "1-0"]
[WhiteElo "2096"]
[BlackElo "1906"]
[PlyCount "89"]
[EventDate "2018.04.13"]
[EventType "swiss"]
[EventRounds "9"]
[EventCountry "THA"]
[SourceTitle "CBM 184 Extra"]
[Source "ChessBase"]
[SourceDate "2018.06.28"]
[SourceVersion "1"]
[SourceVersionDate "2018.06.28"]
[SourceQuality "1"]

1. e4 c5 2. Nf3 d6 3. Bb5+ Bd7 4. Bxd7+ Qxd7 5. 0-0 Nc6 6. Qe2 Nf6 7. Re1 e5 8. c3 Qg4 9. d3 Be7 10. h3 Qc8 11. Na3 0-0 12. Nc2 Re8 13. Bg5 Nd7 14. Ne3 Bxg5 15. Nxg5 h6 16. Nf3 Nf6 17. Nh4 Qe6 18. Nhf5 Ne7 19. Nxe7+ Rxe7 20. Nf5 Ree8 21. c4 Kh7 22. Rf1 g6 23. Ne3 Nh5 24. Nd5 Nf4 25. Qd2 Nxd5 26. cxd5 Qe7 27. f4 f6 28. Rf3 Rf8 29. Raf1 Rae8 30. Qf2 Kg7 31. Qg3 Kh7 32. h4 Qg7 33. Qh3 exf4 34. Rxf4 Qe7 35. h5 c4 36. hxg6+ Kg7 37. dxc4 Qe5 38. Kh1 Re7 39. b3 a6 40. Qf3 b5 41. cxb5 axb5 42. Qd3 b4 43. Qb5 Qd4 44. Qc6 Qe5 45. Qb6 1-0

[Event "Asian-ch Indoor Games qual Men Rapid"]
[Site "Bangkok"]
[Date "2017.05.20"]
[Round "4.4"]
[White "Sandhiratne, Akkarawut"]
[Black "Sajjapornthep, Jarunpol"]
[Result "0-1"]
[WhiteElo "1705"]
[BlackElo "1860"]
[PlyCount "84"]
[EventDate "2017.05.20"]
[EventType "swiss (rapid)"]
[EventRounds "9"]
[EventCountry "THA"]
[SourceTitle "EXT 2024"]
[Source "ChessBase"]
[SourceDate "2023.10.10"]
[SourceVersion "1"]
[SourceVersionDate "2023.10.10"]
[SourceQuality "1"]

1. e4 c5 2. Nf3 d6 3. d4 cxd4 4. Nxd4 a6 5. Nc3 Nf6 6. Bg5 e5 7. Nde2 Be6 8. Bxf6 Qxf6 9. Nd5 Qd8 10. c4 Nc6 11. Nec3 Be7 12. Bd3 0-0 13. 0-0 Nd4 14. Ne2 Nc6 15. Nec3 Bg5 16. b3 Rc8 17. Be2 f5 18. exf5 Bxf5 19. Bg4 Nd4 20. Bxf5 Rxf5 21. Ne4 Be7 22. Ng3 Rg5 23. Ne2 Nf3+ 24. Kh1 Nh4 25. Ng3 Qf8 26. Nxe7+ Qxe7 27. Qd5+ Kh8 28. Rad1 Rg6 29. Rd2 Re8 30. Qe4 Rf8 31. f3 Qg5 32. Rfd1 Rh6 33. Qc2 Qxg3 34. Rxd6 Qg5 35. R6d2 Nf5 36. Qd3 Qf4 37. h3 Rd6 38. Qc2 Ne3 39. Qc1 Qg3 40. Rg1 Rdf6 41. Re2 Nf5 42. Rxe5 Qxe5 0-1

[Event "THA-ch"]
[Site "Bangkok"]
[Date "2015.11.08"]
[Round "5"]
[White "Wiwatanadate, Poompong"]
[Black "Sandhiratne, Akkarawut"]
[Result "1-0"]
[WhiteElo "2021"]
[BlackElo "1860"]
[PlyCount "115"]
[EventDate "2015.11.06"]
[EventType "swiss"]
[EventRounds "9"]
[EventCountry "THA"]
[SourceTitle "CBM 169 Extra"]
[Source "ChessBase"]
[SourceDate "2015.12.18"]
[SourceVersion "1"]
[SourceVersionDate "2015.12.18"]
[SourceQuality "1"]

1. d4 c6 2. c4 d5 3. Nf3 Nf6 4. Nc3 e6 5. g3 Nbd7 6. Bg2 dxc4 7. a4 Bb4 8. 0-0 0-0 9. Qc2 c5 10. Rd1 cxd4 11. Rxd4 Qe7 12. Bg5 h6 13. Bxf6 Nxf6 14. Rad1 b6 15. Na2 Bc5 16. Rxc4 Ba6 17. b4 Bxc4 18. Qxc4 Bd6 19. Nd4 Rac8 20. Nc6 Rxc6 21. Bxc6 Rd8 22. Bf3 Qc7 23. Qb3 Rc8 24. Rc1 Qd7 25. Rxc8+ Qxc8 26. Nc3 a5 27. bxa5 bxa5 28. Nb5 Bb4 29. Nd4 Qc3 30. Qd1 Qe1+ 31. Qxe1 Bxe1 32. Kf1 Bc3 33. Nc6 Nd7 34. Na7 Kf8 35. e3 Nc5 36. Bc6 Bb4 37. Nc8 Bc3 38. Ke2 Bb4 39. g4 Bc3 40. h4 Bb4 41. f3 Bc3 42. h5 f6 43. e4 e5 44. Bb5 Bb4 45. Ke3 Bc3 46. f4 Bb4 47. Bc6 Bc3 48. Nd6 Bb4 49. Nf5 Bc3 50. Nh4 Ke7 51. Bb5 Kd6 52. Nf5+ Kc7 53. Nxg7 Nb3 54. Kd3 Bd4 55. fxe5 Bxe5 56. Kc4 Nd2+ 57. Kd5 Nf3 58. Nf5 1-0

[Event "ASEAN-ch U20 14th"]
[Site "Chiangmai"]
[Date "2013.06.12"]
[Round "7"]
[White "Dang, Hoang Son"]
[Black "Sandhiratne, Akkarawut"]
[Result "1/2-1/2"]
[WhiteElo "2079"]
[BlackElo "1668"]
[PlyCount "186"]
[EventDate "2013.06.08"]
[EventType "swiss"]
[EventRounds "9"]
[EventCountry "THA"]
[SourceTitle "EXT 2014"]
[Source "ChessBase"]
[SourceDate "2013.11.20"]
[SourceVersion "1"]
[SourceVersionDate "2013.11.20"]
[SourceQuality "1"]

1. d4 Nf6 2. Nf3 d5 3. c4 e6 4. Bf4 c5 5. e3 Be7 6. Nc3 dxc4 7. dxc5 Qxd1+ 8. Rxd1 Bxc5 9. Bxc4 a6 10. g4 b5 11. Bd3 Bb7 12. Ke2 0-0 13. g5 Nd5 14. Nxd5 Bxd5 15. Rhg1 Bxa2 16. Rg3 Bc4 17. Bxc4 bxc4 18. Ne5 Rc8 19. Nxc4 Nc6 20. h4 Rd8 21. Rgg1 Kf8 22. h5 Rxd1 23. Rxd1 Ne7 24. h6 gxh6 25. gxh6 Nd5 26. Be5 f6 27. e4 fxe5 28. exd5 exd5 29. Rxd5 Rc8 30. Nxe5 Ke7 31. Nd3 Bd6 32. Rg5 Kf6 33. Rg7 Rc7 34. Rg8 Kf7 35. Rg4 Bf8 36. Ra4 Bxh6 37. Rxa6 Bg5 38. b4 Rb7 39. Rd6 Be7 40. Rd4 Rb5 41. Ke3 h5 42. f4 Kg6 43. Ke4 h4 44. Kf3 Kf5 45. Nc5 Kg6 46. Nd3 Kf5 47. Re4 Bd6 48. Re6 Bxb4 49. Rh6 Rb8 50. Rxh4 Bd2 51. Rh5+ Kg6 52. Rg5+ Kh6 53. Kg4 Bxf4 54. Nxf4 Rb1 55. Rg6+ Kh7 56. Rd6 Kg7 57. Kf5 Rf1 58. Rd7+ Kf8 59. Ra7 Ke8 60. Ke5 Re1+ 61. Kd6 Rd1+ 62. Nd5 Rd2 63. Re7+ Kf8 64. Re5 Ra2 65. Nc7 Kf7 66. Rf5+ Kg6 67. Rf4 Rd2+ 68. Ke7 Ra2 69. Nb5 Re2+ 70. Kd6 Rd2+ 71. Nd4 Ra2 72. Nc6 Kg5 73. Rd4 Ra1 74. Ne7 Ra6+ 75. Ke5 Ra5+ 76. Nd5 Ra8 77. Rd1 Re8+ 78. Kd4 Rd8 79. Rf1 Kg4 80. Rf7 Kg5 81. Ke4 Re8+ 82. Ne7 Ra8 83. Nd5 Re8+ 84. Ne7 Ra8 85. Ke5 Ra5+ 86. Nd5 Kg4 87. Rf4+ Kg3 88. Rd4 Ra8 89. Rd3+ Kf2 90. Nf6 Ke2 91. Rc3 Rb8 92. Rc2+ Kd3 93. Rc5 Rh8 1/2-1/2

[Event "ASEAN-ch U20 14th"]
[Site "Chiangmai"]
[Date "2013.06.12"]
[Round "8"]
[White "Sandhiratne, Akkarawut"]
[Black "Nguyen Thi Mai, Hung"]
[Result "0-1"]
[WhiteElo "1668"]
[BlackElo "2225"]
[PlyCount "40"]
[EventDate "2013.06.08"]
[EventType "swiss"]
[EventRounds "9"]
[EventCountry "THA"]
[SourceTitle "EXT 2014"]
[Source "ChessBase"]
[SourceDate "2013.11.20"]
[SourceVersion "1"]
[SourceVersionDate "2013.11.20"]
[SourceQuality "1"]

1. e4 c5 2. Nf3 g6 3. d4 cxd4 4. Nxd4 Nc6 5. Nc3 Bg7 6. Be3 Nf6 7. f3 0-0 8. Qd2 d5 9. 0-0-0 Nxd4 10. Bxd4 dxe4 11. Nxe4 Nxe4 12. fxe4 Bxd4 13. Qxd4 Qa5 14. Bc4 Bg4 15. Rdf1 Rad8 16. Qf2 Be6 17. Qe2 Qg5+ 18. Kb1 Rd2 19. Qf3 Bxc4 20. Rd1 Be2 0-1

[Event "ASEAN-ch U20 14th"]
[Site "Chiangmai"]
[Date "2013.06.08"]
[Round "1"]
[White "Sandhiratne, Akkarawut"]
[Black "Kulpruethanon, Thanadon"]
[Result "0-1"]
[WhiteElo "1668"]
[BlackElo "2114"]
[PlyCount "74"]
[EventDate "2013.06.08"]
[EventType "swiss"]
[EventRounds "9"]
[EventCountry "THA"]
[SourceTitle "EXT 2014"]
[Source "ChessBase"]
[SourceDate "2013.11.20"]
[SourceVersion "1"]
[SourceVersionDate "2013.11.20"]
[SourceQuality "1"]

1. e4 c5 2. Nf3 Nc6 3. d4 cxd4 4. Nxd4 Nf6 5. Nc3 e5 6. Ndb5 d6 7. Be3 a6 8. Na3 b5 9. Naxb5 axb5 10. Bxb5 Bd7 11. 0-0 Be7 12. f4 Ng4 13. Bd2 Qb6+ 14. Kh1 Nf2+ 15. Rxf2 Qxf2 16. Nd5 Qa7 17. f5 Bd8 18. a4 Ne7 19. Be3 Qb7 20. Nc3 Bxb5 21. Nxb5 Nc8 22. Qg4 Bf6 23. b3 0-0 24. Bh6 Kh8 25. Be3 Qxb5 26. axb5 Rxa1+ 27. Bg1 Bd8 28. f6 g6 29. g3 Bb6 30. Kg2 Rxg1+ 31. Kh3 Rf1 32. Qg5 Kg8 33. b4 Bd8 34. c4 Rxf6 35. Qg4 Bb6 36. Qd7 Re6 37. Qc6 Re7 0-1